000 01135nam a22003377a 4500
001 3687
003 FISKH
005 20240410154608.0
008 240410b cb ||||| |||| 00| 0 eng d
020 _a31097004
040 _aFISKH
_beng
_cFISKH
_dFISKH
050 _aPZ7
082 _a428.612
100 _aHicks, Laurel
245 _aTiptoes /
_cBy Laurel Hicks and Marion Hedquist ; Illustrated by Frank Hicks, Brian Jekel, Stan Shimmin, and Teri Vila
250 _aThis edition published in 1995
260 _aFlorida,
_bA Beka Book,
_c1973
300 _a126 pages :
_bcolor illustrations ;
_c23 cm
520 _aA bright and colorful reader that coordinates reading material with the phonics concepts as they are learned.
521 8 _a370
_bLexile Estimate
521 8 _aG
_bRaz-Plus
650 _aPhonics
_xGrade 1
650 _aEasy Reader
700 _aHedquist, Marion
_eAuthor
700 _aHicks, Frank
_eIllustrator
700 _aJekel, Brian
_eIllustrator
700 _aShimmin, Stan
_eIllustrator
700 _aVila, Teri
_eIllustrator
942 _2ddc
_cKHB
_n0
999 _c3687
_d3687